000 01087nam a2200313 a 4500
001 61116
003 BD-RjUL
005 20211209080925.0
008 170115s1985 enk b 001 0 eng d
020 _a0710097611
035 _a(BD-RjUL)61240
040 _aDLC
_cDLC
_dDLC
_dBD-RjUL
_beng
041 _aeng
082 0 0 _a428
_223
_bMIA 1985
100 1 _aMilroy, James.
_9182379
245 1 0 _aAuthority in language :
_binvestigating language prescription and standardisation /
_cJames Milroy and Lesley Milroy.
260 _aLondon :
_bRoutledge & K. Paul,
_c1985.
300 _ax, 189 p. ;
_c22 cm.
490 _aLanguage, education, and society
504 _aIncludes index and Bibliography
650 0 _aStandard language.
_9182380
650 0 _aEnglish language
_xStandardization.
_9182381
650 0 _aLanguage and languages
_xVariation.
_9182382
650 0 _aCommunicative competence.
_9182291
650 0 _aLanguage and languages
_xAbility testing.
_9182383
700 1 _aMilroy, Lesley.
_9182384
830 _aLanguage, education, and society
_9182385
942 _2ddc
_cBK
999 _c61116
_d61116